000 00746nam a22003017a 4500
001 BR9001992
003 BR-BrBNA
005 20230928093432.0
007 ta
008 230509b bl.||||| |||| 00| 0 por d
040 _aBR-BrBNA
_bpor
_cBiblioteca Nacional de Agricultura
041 _a(Por)
072 _aL73
_b5100
090 _ 5100 BR9001992
100 1 _aLevaditi, C.
100 1 _aLepine, P.
100 1 _aVerge, J.
245 1 _aAnemia infecciosa equina
260 3 _aRio de Janeiro, GB (Brasil):
_c1968.
300 _a17 p.
650 _aEQUINO
650 _aANEMIA INFECCIOSA
650 _aSINTOMA
650 _aDISTRIBUICAO GEOGRAFICA
650 _aIMUNIDADE
909 _a202309
_bLucia
_c55
_dLucia Elande
942 _cBK
999 _c44973
_d44973